Auditoría: un análisis de tendencias

Uloženo v:
Podrobná bibliografie
Hlavní autoři: Sánchez Henríquez, Jorge (Autor), Salas Avila, José (Autor)
Médium: Kniha
Jazyk:španělština
Vydáno: Santiago LexiNexis 2007
Témata:
Tagy: Přidat tag
Žádné tagy, Buďte první, kdo vytvoří štítek k tomuto záznamu!

MARC

LEADER 00000cam a2200000 a 4500
001 UCI5793
003 CL-VaPUC
008 080411e20070000CL |||||||||||||||||spa|d
020 |a 9789562387262 
082 0 4 |a 657.45  |b SAN  |2 21 
100 0 |a Sánchez Henríquez, Jorge  |e author  |9 528424 
700 0 |a Salas Avila, José  |e author  |9 528425 
245 1 0 |a Auditoría: un análisis de tendencias 
300 |a 444 p 
942 |c BK 
945 |d 20080411 00:00:00  |a rbrito 
260 |a Santiago  |b LexiNexis  |c 2007 
650 0 |a Auditoría  |9 307008 
650 0 |a Contabilidad   |9 261430 
650 7 |a GESTION FINANCIERA  |2 CL-VaPUC  |9 528426 
583 |a last modification  |c 20121122 01:16:47  |k Rodrigo Vera 
999 |c 329483  |d 329481 
952 |0 0  |1 0  |4 0  |6 657_450000000000000_SAN_2007  |7 0  |8 A  |9 414252  |a BIBGIM  |b BIBGIM  |d 2019-11-22  |i 4424913  |o 657.45 SAN 2007  |p 4424913  |r 2025-01-15  |w 2019-11-22  |y BK  |k COM 
952 |0 0  |1 0  |4 0  |6 657_450000000000000_SAN_2007  |7 0  |8 A  |9 414253  |a BIBGIM  |b BIBGIM  |d 2019-11-22  |i 4424921  |o 657.45 SAN 2007  |p 4424921  |r 2025-01-15  |w 2019-11-22  |y BK  |k COM 
952 |0 0  |1 0  |4 0  |6 657_450000000000000_SAN_2007  |7 0  |8 A  |9 414254  |a BIBGIM  |b BIBGIM  |d 2019-11-22  |i 4925750  |o 657.45 SAN 2007  |p 4925750  |r 2025-01-15  |w 2019-11-22  |y BK  |k COM 
952 |0 0  |1 0  |4 0  |6 657_450000000000000_SAN_2007  |7 0  |8 A  |9 414255  |a BIBGIM  |b BIBGIM  |d 2019-11-22  |i 4925769  |o 657.45 SAN 2007  |p 4925769  |r 2025-01-15  |w 2019-11-22  |y BK  |k COM